[Event "Ustron op-C"]
[Site "Ustron"]
[Date "2020.08.15"]
[Round "3"]
[White "Jany, Piotr"]
[Black "Pietras, Maksymilian"]
[Result "1-0"]
[WhiteElo "1502"]
[BlackElo "1604"]
[PlyCount "71"]
[EventDate "2020.08.15"]
[EventType "swiss"]
[EventRounds "9"]
[EventCountry "POL"]
[SourceTitle "EXT 2021"]
[Source "ChessBase"]
[SourceDate "2020.10.23"]
[SourceVersion "1"]
[SourceVersionDate "2020.10.23"]
[SourceQuality "1"]

1. c4 Nf6 2. Nc3 c6 3. e4 e5 4. Nf3 Qc7 5. a3 a5 6. d4 d6 7. h3 Be7 8. Be2 Nbd7 9. Rb1 0-0 10. 0-0 Re8 11. Qc2 Nf8 12. Rd1 Bd7 13. dxe5 dxe5 14. Na4 Be6 15. Be3 N6d7 16. c5 Red8 17. Nd2 g6 18. Nc4 f5 19. exf5 Bxf5 20. Bd3 Bxd3 21. Rxd3 Nf6 22. Rbd1 Rxd3 23. Rxd3 Nd5 24. Nab6 Rd8 25. Nxa5 e4 26. Rd4 Nxe3 27. fxe3 Qg3 28. Qb3+ Kg7 29. Rxd8 Qe1+ 30. Kh2 Bxd8 31. Nxb7 Bf6 32. Nc4 h5 33. Nbd6 h4 34. Nxe4 Ne6 35. Qb8 Bd8 36. Qe5+ 1-0